Girly Teengirl - Statistics

General Stats
  • This quiz has been taken 15 times
  • The average score is 4 of 8
Answer Stats
Hint Answer % Correct
What is this mysterious girl's name? Girly Teengirl
91%
Where did Girly Teengirl move to Bikini Bottom from? Farawayville
73%
What does Girly Teengirl do after having tomatoes thrown at her? Cry
64%
What is this mysterious girl here for? Slumber Party
64%
What does Girly Teengirl yell upon being grabbed by the hair by Pearl Krabs? AGH!
27%
What does Girly Teengirl yell upon the girls approaching her? AGH!!
27%
What is she doing involving Farawayville? So Moving Back There
27%
What does she not know? What Your Talking About
18%
No matching quizzes found
Score Distribution
Percent of People with Each Score
Percentile by Number Answered
Your Score History
You have not taken this quiz